00339nam a2200133Ia 4500003000400000008004100004040001600045082001600061100002500077245003900102260003300141300000800174650002300182GCL140319s9999 xx 000 0 eng d aGCL / cGCL04a863.01bG A1 aGALDOS, BENITO PEREZ10aAMADEO. 1 / cGALDOS, BENITO PEREZ a[S.N] : bHERNANDO ، c1980 a19204aSPANISH LITERATURE